Mister Men & Little Miss - Statistics

General Stats
  • This quiz has been taken 148 times
  • The average score is 38 of 82
Answer Stats
Hint Answer % Correct
Mr. Tall
89%
Mr. Happy
86%
Little Miss Sunshine
82%
Mr. Small
81%
Mr. Tickle
81%
Mr. Grumpy
77%
Mr. Bump
74%
Mr. Greedy
74%
Little Miss Greedy (Plump)
74%
Mr. Chatterbox
70%
Little Miss Chatterbox
70%
Little Miss Fun
70%
Mr. Clever
61%
Mr. Snow
61%
Mr. Topsy-Turvy
61%
Mr. Clumsy
60%
Mr. Messy
60%
Mr. Noisy
60%
Little Miss Tiny
60%
Mr. Jelly (Nervous)
58%
Little Miss Naughty
58%
Mr. Nosey
58%
Mr. Quiet
58%
Mr. Silly
58%
Mr. Strong
58%
Mr. Funny
56%
Mr. Lazy
54%
Little Miss Bossy
53%
Mr. Uppity
53%
Mr. Brave
51%
Mr. Perfect
51%
Mr. Rush
51%
Mr. Slow
51%
Mr. Skinny
49%
Mr. Sneeze
49%
Mr. Bounce
47%
Mr. Fussy
47%
Mr. Mean (Stingy)
47%
Mr. Busy
46%
Little Miss Busy
46%
Little Miss Giggles
46%
Mr. Rude
44%
Mr. Impossible
42%
Little Miss Shy
42%
Mr. Daydream
40%
Mr. Forgetful
40%
Little Miss Twins
40%
Mr. Dizzy
39%
Mr. Good
39%
Mr. Muddle
39%
Mr. Nonsense
39%
Little Miss Splendid
39%
Mr. Worry
39%
Mr. Grumble
37%
Little Miss Magic
37%
Mr. Mischief
37%
Little Miss Neat
37%
Little Miss Helpful
35%
Little Miss Tidy
35%
Mr. Wrong
35%
Mr. Cheerful
33%
Mr. Nobody
33%
Little Miss Quick
33%
Little Miss Scary
32%
Little Miss Somersault
32%
Little Miss Star
32%
Little Miss Bad
30%
Mr. Cool
30%
Little Miss Hug
30%
Little Miss Trouble
30%
Little Miss Scatterbrain
28%
Little Miss Whoops
28%
Little Miss Brainy
26%
Little Miss Contrary
26%
Little Miss Late
25%
Little Miss Princess
25%
Little Miss Lucky
23%
Little Miss Wise
21%
Little Miss Curious
19%
Little Miss Dotty (Ditzy)
18%
Little Miss Fickle
16%
Little Miss Stubborn
16%
No matching quizzes found
Score Distribution
Percent of People with Each Score
Percentile by Number Answered
Your Score History
You have not taken this quiz